| 000 | 00734nam a22001577a 4500 | ||
|---|---|---|---|
| 003 | OSt | ||
| 005 | 20150917094938.0 | ||
| 008 | 150917b xxu||||| |||| 00| 0 eng d | ||
| 040 | _cRUA | ||
| 082 | _aAGR SEN 2005 B031 Or.1 | ||
| 100 |
_9637 _aSENG, SOPHEAK. |
||
| 245 | _aEffect of plant spacing on chinese kale yield in crop station at royal university of agriculture ឥទ្ធិពលចន្លោះគុម្ពលើទិន្នផលដំណាំខាត់ណាដើមនៅស្ថានីយ៍ពិសោធន៍ដំណាំនៃសាកលវិទ្យាល័យភូមិន្ទកសិកម្ម | ||
| 260 |
_aPhnom Penh _bRUA _c2005 |
||
| 300 |
_ax; 52p. _bill. _c29cm. |
||
| 942 |
_2ddc _cAGR |
||
| 999 |
_c611 _d611 |
||